000 00629nam a22001817a 4500
003 BD-DhJNU
005 20250408065526.0
008 250408b |||||||| |||| 00| 0 eng d
020 _a9789843429858
040 _aBD-DhJNU
_bENG
_cBD-DhJNU
_dBD-DhJNU
082 _223
_a302.3
100 _aSaha, Asoke Kumar
245 _aSocial identity, individualism-collectivism and group decision making /
_cAsoke Kumar Saha
260 _aDhaka:
_bPublic Relation, Information & Publication Department, Jagannath University,
_c2017.
300 _a168 p. :
_bill. ;
_c22 cm.
650 _aMedia Studies and Journalism
942 _2ddc
_cBK
_n0
999 _c1550
_d1550